Books to Authors #12 - Statistics

General Stats
  • This quiz has been taken 176 times
  • The average score is 7 of 14
Answer Stats
Book Author % Correct
The Odyssey Homer
95%
Catch-22 Joseph Heller
75%
Lady Chatterley's Lover D.H.Lawrence
62%
The Sun Also Rises Ernest Hemingway
62%
Charlotte's Web E.B.White
55%
The Murder of Roger Ackroyd Agatha Christie
52%
Faust Johann Wolfgang von Goethe
52%
A Clockwork Orange Anthony Burgess
51%
The Plague Albert Camus
42%
Mastering the Art of French Cooking Julia Child
37%
As I Lay Dying William Faulkner
36%
Things Fall Apart Chinua Achebe
25%
Their Eyes Were Watching God Zora Neale Hurston
19%
Miss Smilla's Feeling for Snow Peter Høeg
8%
No matching quizzes found
Score Distribution
Percent of People with Each Score
Percentile by Number Answered
Your Score History
You have not taken this quiz